<?xml version="1.0" encoding="UTF-8"?>
<record
    xmlns:xsi="http://www.w3.org/2001/XMLSchema-instance"
    xsi:schemaLocation="http://www.loc.gov/MARC21/slim http://www.loc.gov/standards/marcxml/schema/MARC21slim.xsd"
    xmlns="http://www.loc.gov/MARC21/slim">

  <leader>03906ngm a22005897a 4500</leader>
  <controlfield tag="006">a|||||s|||||00| 0 </controlfield>
  <controlfield tag="007">tz</controlfield>
  <controlfield tag="008">110614s2009    cau|||||s|||| 00| 0 eng d</controlfield>
  <datafield tag="020" ind1=" " ind2=" ">
    <subfield code="a">883929092970</subfield>
  </datafield>
  <datafield tag="082" ind1=" " ind2=" ">
    <subfield code="2">22</subfield>
    <subfield code="a">791.4372</subfield>
    <subfield code="b">WIZ</subfield>
  </datafield>
  <datafield tag="245" ind1="0" ind2="4">
    <subfield code="a">The Wizard of Oz</subfield>
    <subfield code="h">[videorecording] /</subfield>
    <subfield code="c">a Metro-Goldwyn-Mayer picture ; a Victor Fleming production; screen play by Noel Langley, Florence Ryerson and Edgar Allan Woolf ; adaptation by Noel Langley ; produced by Mervyn LeRoy ; directed by Victor Fleming.</subfield>
  </datafield>
  <datafield tag="250" ind1=" " ind2=" ">
    <subfield code="a">Special ed.</subfield>
  </datafield>
  <datafield tag="260" ind1=" " ind2=" ">
    <subfield code="a"> Burbank, Calif. : </subfield>
    <subfield code="b">Warner Home Video, 2009.</subfield>
    <subfield code="c">2009</subfield>
  </datafield>
  <datafield tag="300" ind1=" " ind2=" ">
    <subfield code="a">2 videodisc (102 min.) :</subfield>
    <subfield code="b">sd., b &amp; w and col. ; </subfield>
    <subfield code="c">4 3/4 in.</subfield>
  </datafield>
  <datafield tag="500" ind1=" " ind2=" ">
    <subfield code="a">Originally released as a motion picture in 1939</subfield>
  </datafield>
  <datafield tag="500" ind1=" " ind2=" ">
    <subfield code="a">Based on the novel "The wonderful Wizard of Oz" by L. Frank Baum.</subfield>
  </datafield>
  <datafield tag="500" ind1=" " ind2=" ">
    <subfield code="a">Special features: Disc 1: Feature film; commentary by historican John Fricke including archival interviews with cast, crew and Family Restoration featurette; illustrated  video storybook and supporting cast profile roundup. Disc 2: "The Wonderful Wizard of Oz: the making of a movie classic" TV special; "Memories of Oz" TV special; archival making-of and retrospective featurettes; Harold Arlen's home movies; tornado tests; outtakes; deleted scenes; extensive stills &amp; theatrical trailer galleries; audio vault includes a jukebox of recording session materials, radio shows and promos; "Off to see the Wizard" TV series excerpt.   </subfield>
  </datafield>
  <datafield tag="508" ind1=" " ind2=" ">
    <subfield code="a">Director of photography, Harold Rosson ; art director, Cedric Gibbons ; editor, Blanche Sewell ; original music, Harold Arlen ; costume designer, Gilbert Adrian.   </subfield>
  </datafield>
  <datafield tag="511" ind1=" " ind2=" ">
    <subfield code="a">Judy Garland, Frank Morgan, Ray Bolger, Bert Lahr, Jack Haley, Billie Burke, Margaret Hamilton, Charley Grapewin, The Munchkins.</subfield>
  </datafield>
  <datafield tag="520" ind1=" " ind2=" ">
    <subfield code="a">When a  neighbor tries to have her dog  Toto put to sleep, Dorothy takes Toto and runs away. A tornado appears and carries her to the magical land of Oz. Wishing to return home, she begins to travel to the city of Oz where a great wizard lives. On her way she meets a Scarecrow who needs a brain, a Tin Man who wants a heart, and a Cowardly Lion who desperately needs courage. They all hope the all- mighty Wizard of Oz will help them, but they have to reach the Emerald City before the Wicked Witch of the West catches up with them.   </subfield>
  </datafield>
  <datafield tag="521" ind1=" " ind2=" ">
    <subfield code="a">MPAA rating: G</subfield>
  </datafield>
  <datafield tag="538" ind1=" " ind2=" ">
    <subfield code="a">DVD; region 1, NTSC; full screen presentation preserving the aspect ratio of its original theatrical exhibition; Dolby digital surround 5.1 (English) ; mono (Eng. &amp; French); dual-layer.</subfield>
  </datafield>
  <datafield tag="546" ind1=" " ind2=" ">
    <subfield code="a">English and French language tracks; English, French and Spanish subtitles</subfield>
  </datafield>
  <datafield tag="650" ind1=" " ind2=" ">
    <subfield code="9">25190</subfield>
    <subfield code="a">Good and evil</subfield>
    <subfield code="v">Drama</subfield>
  </datafield>
  <datafield tag="650" ind1=" " ind2=" ">
    <subfield code="9">25192</subfield>
    <subfield code="a">Wizard of Oz (Fictitious character)</subfield>
    <subfield code="v">Drama</subfield>
  </datafield>
  <datafield tag="653" ind1=" " ind2=" ">
    <subfield code="c">June2011</subfield>
  </datafield>
  <datafield tag="655" ind1=" " ind2=" ">
    <subfield code="a">Feature films</subfield>
  </datafield>
  <datafield tag="655" ind1=" " ind2=" ">
    <subfield code="a">Musical films</subfield>
  </datafield>
  <datafield tag="655" ind1=" " ind2=" ">
    <subfield code="a">Fantasy films</subfield>
  </datafield>
  <datafield tag="700" ind1=" " ind2=" ">
    <subfield code="9">25195</subfield>
    <subfield code="a">Fleming, Victor</subfield>
    <subfield code="d">1883-1949</subfield>
    <subfield code="e">drt</subfield>
    <subfield code="e">pro</subfield>
  </datafield>
  <datafield tag="700" ind1=" " ind2=" ">
    <subfield code="9">25196</subfield>
    <subfield code="a">Ryerson, Florence</subfield>
    <subfield code="q">aus</subfield>
  </datafield>
  <datafield tag="700" ind1=" " ind2=" ">
    <subfield code="9">25197</subfield>
    <subfield code="a">Langley, Noel</subfield>
    <subfield code="d">1911-1980</subfield>
    <subfield code="q">aus</subfield>
  </datafield>
  <datafield tag="700" ind1=" " ind2=" ">
    <subfield code="9">25198</subfield>
    <subfield code="a">Woolf, Edgar Allan</subfield>
    <subfield code="q">aus</subfield>
  </datafield>
  <datafield tag="700" ind1=" " ind2=" ">
    <subfield code="9">25199</subfield>
    <subfield code="a">LeRoy, Mervyn</subfield>
    <subfield code="d">1900-1987.   </subfield>
    <subfield code="e">pro</subfield>
  </datafield>
  <datafield tag="700" ind1=" " ind2=" ">
    <subfield code="9">25148</subfield>
    <subfield code="a">Rosson, Harold</subfield>
    <subfield code="d">1895-1988</subfield>
    <subfield code="e">cng</subfield>
  </datafield>
  <datafield tag="700" ind1=" " ind2=" ">
    <subfield code="9">25200</subfield>
    <subfield code="a">Gibbons, Cedric </subfield>
    <subfield code="e">ard</subfield>
  </datafield>
  <datafield tag="700" ind1=" " ind2=" ">
    <subfield code="9">25201</subfield>
    <subfield code="a">Sewell, Blanche </subfield>
    <subfield code="e">flm</subfield>
  </datafield>
  <datafield tag="700" ind1=" " ind2=" ">
    <subfield code="9">25202</subfield>
    <subfield code="a">Arlen, Harold </subfield>
    <subfield code="e">cmp</subfield>
  </datafield>
  <datafield tag="700" ind1=" " ind2=" ">
    <subfield code="9">25203</subfield>
    <subfield code="a">Adrian, Gilbert</subfield>
    <subfield code="e">cst</subfield>
  </datafield>
  <datafield tag="700" ind1=" " ind2=" ">
    <subfield code="9">25205</subfield>
    <subfield code="a">Garland, Judy</subfield>
    <subfield code="d">1922-1969</subfield>
    <subfield code="e">act</subfield>
  </datafield>
  <datafield tag="700" ind1=" " ind2=" ">
    <subfield code="9">25206</subfield>
    <subfield code="a">Morgan, Frank</subfield>
    <subfield code="e">act</subfield>
  </datafield>
  <datafield tag="700" ind1=" " ind2=" ">
    <subfield code="9">25207</subfield>
    <subfield code="a">Bolger, Ray </subfield>
    <subfield code="e">act</subfield>
  </datafield>
  <datafield tag="700" ind1=" " ind2=" ">
    <subfield code="9">25208</subfield>
    <subfield code="a">Lahr, Bert</subfield>
    <subfield code="e">act</subfield>
  </datafield>
  <datafield tag="700" ind1=" " ind2=" ">
    <subfield code="9">25209</subfield>
    <subfield code="a">Haley, Jack</subfield>
    <subfield code="e">act</subfield>
  </datafield>
  <datafield tag="700" ind1=" " ind2=" ">
    <subfield code="9">25210</subfield>
    <subfield code="a">Burke, Billie </subfield>
    <subfield code="e">act</subfield>
  </datafield>
  <datafield tag="700" ind1=" " ind2=" ">
    <subfield code="9">25211</subfield>
    <subfield code="a">Hamilton, Margaret </subfield>
    <subfield code="e">act</subfield>
  </datafield>
  <datafield tag="700" ind1=" " ind2=" ">
    <subfield code="9">25212</subfield>
    <subfield code="a">Grapewin, Charles</subfield>
    <subfield code="d">1869-1956</subfield>
    <subfield code="e">act</subfield>
  </datafield>
  <datafield tag="710" ind1=" " ind2=" ">
    <subfield code="9">25081</subfield>
    <subfield code="a">Metro-Goldwyn-Mayer</subfield>
  </datafield>
  <datafield tag="710" ind1=" " ind2=" ">
    <subfield code="9">25082</subfield>
    <subfield code="a">Warner Home Video (Firm)</subfield>
  </datafield>
  <datafield tag="710" ind1=" " ind2=" ">
    <subfield code="9">25083</subfield>
    <subfield code="a">Turner Entertainment Co.</subfield>
  </datafield>
  <datafield tag="942" ind1=" " ind2=" ">
    <subfield code="2">ddc</subfield>
    <subfield code="c">CDVDMOV</subfield>
  </datafield>
  <datafield tag="999" ind1=" " ind2=" ">
    <subfield code="c">15589</subfield>
    <subfield code="d">15589</subfield>
  </datafield>
  <datafield tag="952" ind1=" " ind2=" ">
    <subfield code="0">0</subfield>
    <subfield code="1">0</subfield>
    <subfield code="2">ddc</subfield>
    <subfield code="4">0</subfield>
    <subfield code="7">0</subfield>
    <subfield code="8">Baccah</subfield>
    <subfield code="a">MAIN</subfield>
    <subfield code="b">MAIN</subfield>
    <subfield code="c">2ND</subfield>
    <subfield code="d">2011-06-14</subfield>
    <subfield code="e">Purchase</subfield>
    <subfield code="g">190.00</subfield>
    <subfield code="h">12344</subfield>
    <subfield code="l">0</subfield>
    <subfield code="o">791.4372 WIZ</subfield>
    <subfield code="p">000024209</subfield>
    <subfield code="r">2022-08-24 00:00:00</subfield>
    <subfield code="w">2011-06-14</subfield>
    <subfield code="y">CDVDMOV</subfield>
    <subfield code="z">2 DVDs</subfield>
  </datafield>
</record>
